Quizzes
Events
Quiz Creation
Community
Videos
Private Events
Remove Ads
Sign In
Join for FREE
Feedback
Dark Mode
Quiz Categories
Sports
Geography
Music
Movies
Television
Just For Fun
Miscellaneous
History
Literature
Language
Science
Gaming
Entertainment
Religion
Holiday
For Kids
Quiz Lab
Recent
Popular Today
Quiz Kudos Today
Editor Picks
Curator Picks
Quizzes by...
Day
Popularity
Type
Ratings
Length
Year
Community
Subscriptions
Recent Discussions
Orange Saloon
Badges
Playlists
Quests
Create
Leaderboards
Showdown
Live 5
Trivia Bingo
Activity
Puzzle Library
Sporcle Events
Private Events
Virtual Trivia
Globe League
Become a Host
Pub Owners
SporcleCon
Opinionation
Our Games
Videos
Blog
Mobile Apps
Partnerships
Remove Ads and Go Orange
Feedback
Sports
Athletes
MLB
NBA
NHL
NFL
Soccer
Sports Teams
WWE
NCAA
Football
Premier League
Basketball
Baseball
Hockey
Golf
Tennis
Cricket
Rugby
Auto Racing
Olympics
World Cup
Sports
Athletes
MLB
NBA
NHL
NFL
Soccer
Sports Teams
WWE
NCAA
Football
Premier League
Basketball
Baseball
Hockey
Golf
Tennis
Cricket
Rugby
Auto Racing
Olympics
World Cup
Random Quiz
Search Sporcle
×
Quiz Lab
Quiz Lab
Sports
Country
Type in answers that appear in a list
Type in answers that appear in a list
Classic
Best Score? Go Orange.
Olympic Attendance Check: Winter Edition Stats
Can you name the countries that had the highest attendance at the Winter Olympics?
By
irllylubsporcle
6m
35 Questions
34 Plays
34 Plays
34 Plays
Comments
Comments
Give Quiz Kudos
Give Quiz Kudos
-
- Ratings
hide this ad
More Info
Replay
Link that replays current quiz
Next Quiz
Link to next quiz in quiz playlist
You Got
0%
They Got
Avg Score
68%
Avg Friend Score
Upgrade to see
Score Distribution
Jump to the score distribution portion of the page
Score
0/35
Timer
06:00
0
Plays Today
No. of Attendances
Country
% Correct
22
United States of America
94.1%
22
Canada
88.2%
22
Norway
88.2%
20(Including East/
West Germany and Unified Team)
Germany
88.2%
22
Finland
85.3%
22
Sweden
85.3%
22
France
82.4%
20
Japan
82.4%
17
South Korea
82.4%
18
Australia
79.4%
19(Including Yugoslavia and Serbia and Montenegro)
Serbia
79.4%
22
Austria
76.5%
22
Poland
76.5%
22(Including Czechoslovakia)
Slovakia
76.5%
19
Spain
76.5%
20(Including Yugoslavia)
Croatia
76.5%
22
Italy
73.5%
22
Switzerland
73.5%
No. of Attendances
Country
% Correct
20(Including Yugoslavia)
Slovenia
70.6%
22(Including Czechoslovakia)
Czechia
67.6%
22
Hungary
67.6%
20
Belgium
67.6%
20
Netherlands
67.6%
20
Romania
67.6%
19
Bulgaria
67.6%
18
Greece
64.7%
20(Including Yugoslavia)
Bosnia And Herzegovina
61.8%
19(Including Yugoslavia and Serbia and Montenegro)
Montenegro
61.8%
17
Iceland
52.9%
18(Including Yugoslavia)
Macedonia
52.9%
22
Great Britain
44.1%
18
Argentina
44.1%
18
Liechtenstein
41.2%
16
Chile
38.2%
16
Lebanon
5.9%
Quiz Playlist
Details
Report
Send in Message
Add To Playlist
More Info:
Even past attendances are also counted
Classic:
Type in answers that appear in a list
Last Updated: Apr 13, 2017
Quiz Scoreboard
CHALLENGE
Sign Up to Join the Scoreboard
Show All
Scores
Hide
Comments
May contain spoilers
Recently Published
An Introduction to Baseball
by treessimontrees
Sports
5m
Movies - When Are They Set?
by FPL_Elf
Movies
5m
Popular People in 1961
by mucciniale
History
6m
More to Explore
Quiz From the Vault
Featured Blog Post
Where Did the Easter Bunny Come From?
hide this ad
You Might Also Like...
Tags
Country Quiz
attendance
check
Edition
highest
Missed
Winter
Winter Olympics
Today's Top Quizzes in Sports
Browse Sports
hide this ad
Today's Top Quizzes in Country
Browse Country
Top Contributed Quizzes in Sports
1
Les meilleurs buteurs des matchs entre le PSG et l’OM
2
2022 World Cup Stars
3
FIFA Club World Cup Champions
4
Les entraîneurs de l'OM et du PSG au 21e siècle
5
Name the Premier League winners with different clubs
6
La finale Lions - Afrique du Sud 2021
7
Criteria MLB: Left Handed Sluggers
8
Les joueurs passés par le LOSC et le RC Lens
9
Players with Multiple 50 Home Run Seasons
10
MLB Players with Two .350 Batting Average Seasons
Explore More
Trending Topics
Crossword
Harry Potter
Anime
Disney
Marvel
Kpop
NBA
Puzzle
WWE
The Office
Soccer
NFL
Country
Pokémon
Song
hide this ad
More By:
irllylubsporcle
Quiz
Plays
Rating
Category
Featured
Created
Largest Countries Without Borders
53,508
4.61
Geography
Nov 30, 2016
Progressively Harder Spelling Words
1,555
4.50
Language
Apr 11, 2017
Canadian Prime Ministers by Picture
845
4.84
History
Jan 15, 2021
Europe in Korean
646
4.77
Geography
Jul 26, 2017
Click Blitz: Axis Powers
638
5.00
History
Apr 11, 2017
Go to Creator's Profile
Score Distribution
Quiz Creator Spotlight
irllylubsporcle
Follow
Send a Message
Quizzes Created
-
Created Quiz Play Count
-
More By This Creator
Popular Quizzes Today
1
Find the Countries of Europe - No Outlines Minefield
2
Find the US States - No Outlines Minefield
3
The Countries of the World
4
Popular People in 1961
5
US States
6
1-10 Letter E Words III
7
Find the US States
8
Risky Map Clicking: Biggest States A-Z
More Sports Quizzes
College Football Runners Up
Editor's Pick
Trending Quizzes
Risky Map Clicking: Least Populous States A-Z
1-10 Letter F Words
1-10 Letter G Words
One Thing in Common: United Kingdom
Risky Map Clicking: Next State Alphabetically
Recently Updated
Leaping Animals
pecheneg
Reality TV Shows (A-Z)
bhenderson79
Rickey Henderson's Hall of Fame Teammates
pecheneg
Champions League XIs: Arsenal
pecheneg
Quick Pick: Celebrities in WWE's Hall of Fame
aduchscher
A-Z Keypad Blitz II
pecheneg
Multiple Oscar Actors
pecheneg
Mystery Phrase Blitz: Oscar 'Best Actors'
pecheneg
F. Scott Fitzgerald Novels
LTH
Pick 3 Villains
ddd62291
Trending Topics
Kpop
Disney
NBA
Anime
Crossword
Harry Potter
Marvel
Pokémon
WWE
Puzzle
Country
Soccer
Song
NFL
The Office
Your Account Isn't Verified!
In order to create a playlist on Sporcle, you need to verify the email address you used during registration. Go to your
Sporcle Settings
to finish the process.
Report this User
Report this user for behavior that violates our
Community Guidelines
.
Details:
Send Report
Go to the Sporcle.com Mobile Site →
Comments